| 000 | 00348nam a2200145Ia 4500 | ||
|---|---|---|---|
| 008 | 150201s2001 xx 000 0 und d | ||
| 082 |
_a618.92 _bR99G |
||
| 100 | _aGUPTE, S. | ||
| 245 | _aRECENT ADVANSES IN PEDIATRICS-11 | ||
| 250 | _a1ST | ||
| 260 |
_bJAYPEE BROTHERS _aDELHI _c2001 |
||
| 300 | _a1-367 | ||
| 650 | _aPAEDIATRICS | ||
| 942 |
_2ddc _cBK _01 |
||
| 999 |
_c88 _d88 |
||